Guinness world records 2001 / (Record no. 184841)

000 -LEADER
fixed length control field 00579 a2200181 4500
003 - CONTROL NUMBER IDENTIFIER
control field Nust
005 - DATE AND TIME OF LATEST TRANSACTION
control field 20251008142525.0
020 ## - INTERNATIONAL STANDARD BOOK NUMBER
International Standard Book Number 189205101x
040 ## - CATALOGING SOURCE
Transcribing agency Nust
082 ## - DEWEY DECIMAL CLASSIFICATION NUMBER
Classification number 001,GIN
100 ## - MAIN ENTRY--PERSONAL NAME
Personal name Guinness
9 (RLIN) 12640
245 ## - TITLE STATEMENT
Title Guinness world records 2001 /
260 ## - PUBLICATION, DISTRIBUTION, ETC.
Place of publication, distribution, etc. London
Name of publisher, distributor, etc. British Library
Date of publication, distribution, etc. 2001
300 ## - PHYSICAL DESCRIPTION
Extent 288p
505 ## - FORMATTED CONTENTS NOTE
Formatted contents note Early starters (Page-8), Golden oldies (Page-10), Big stuff (Page-12), Strength (Page-14), Speed (Page-16), Skill1 (Page-18), Skill2 (Page-20), Endurance1 (Page-22).
650 ## - SUBJECT ADDED ENTRY--TOPICAL TERM
Topical term or geographic name entry element Guinness world records 2001
9 (RLIN) 131000
942 ## - ADDED ENTRY ELEMENTS (KOHA)
Koha item type Reference
Source of classification or shelving scheme
Holdings
Withdrawn status Lost status Source of classification or shelving scheme Damaged status Not for loan Permanent Location Current Location Shelving location Date acquired Full call number Barcode Date last seen Price effective from Koha item type Public note
          Military College of Signals (MCS) Military College of Signals (MCS) General Stacks 12/12/2016 001,GIN MCS30577 12/08/2016 12/12/2016 Book Almirah No.76, Shelf No.1
© 2023 Central Library, National University of Sciences and Technology. All Rights Reserved.